Uplatnenie analýzy rizika pri zlepšovaní výrobných procesov v spoločnosti Schaeffler Skalica, spol. s r.o.
Na minha lista:
| Autor principal: | |
|---|---|
| Outros Autores: | |
| Formato: | Manuscrito Livro |
| Idioma: | eslovaco |
| Publicado em: |
2021
|
| Assuntos: | |
| Acesso em linha: | http://is.stuba.sk/zp/portal_zp.pl?podrobnosti=155912 |
| Tags: |
Sem tags, seja o primeiro a adicionar uma tag!
|
MARC
| LEADER | 00000ntm a22000003a 4500 | ||
|---|---|---|---|
| 001 | stuzp85777 | ||
| 003 | SK-STU | ||
| 005 | 20210612213946.9 | ||
| 007 | ta | ||
| 008 | 150427s2015----xo-----f-mn---000-0-slo-d | ||
| 040 | |a STU |b slo | ||
| 041 | 0 | |a slo | |
| 100 | 1 | |a Štetina, Filip |u 020070 |k Z4 |4 aut |U SjF Strojnícka fakulta |T SjF Ústav výrobných systémov, enviromentálnej techniky a manažment kvality |X 87826 |U J0070 |Y 804 |7 87826 | |
| 242 | 0 | 1 | |a Risk-assessment analysis used for the manufacturing process improvement in the company Schaeffler Skalica, spol. s r.o. |y eng |
| 245 | 1 | 0 | |a Uplatnenie analýzy rizika pri zlepšovaní výrobných procesov v spoločnosti Schaeffler Skalica, spol. s r.o. |
| 260 | |c 2021 | ||
| 650 | 4 | |a P – FMEA |2 slo | |
| 650 | 4 | |a priebežné brúsenie |2 slo | |
| 650 | 4 | |a brúsny kotúč |2 slo | |
| 650 | 4 | |a manažérstvo rizika |2 slo | |
| 650 | 4 | |a chyba výrobku |2 slo | |
| 650 | 4 | |a risk management |2 eng | |
| 650 | 4 | |a P – FMEA |2 eng | |
| 650 | 4 | |a product defect |2 eng | |
| 650 | 4 | |a throughfeed grinding |2 eng | |
| 650 | 4 | |a grinding wheel |2 eng | |
| 700 | 1 | |a Pokusová, Marcela |u 020070 |k Z1 |4 ths |U SjF Strojnícka fakulta |T SjF Ústav výrobných systémov, enviromentálnej techniky a manažment kvality |X 236 |U J0070 |Y 804 |7 A000000236 | |
| 856 | 4 | |u http://is.stuba.sk/zp/portal_zp.pl?podrobnosti=155912 | |